İstihdam seminerleri 1 (Record no. 5027)

MARC details
000 -BAŞLIK
Sabit Uzunlukta Kontrol Alanı 00645na a2200217 4500
001 - KONTROL NUMARASI
Denetim Alanı 17672
003 - KONTROL NUMARASI IDENTIFIER
Denetim Alanı MIRAKIL
005 - SON İŞLEM TARİHİ VE ZAMANI
Denetim Alanı 20181213155025.0
008 - SABİT-BOY VERİ ELEMANLARI - GENEL BİLGİLER
Sabit Uzunlukta Kontrol Alanı 161101b tu 000 0
040 ## - KATALOGLAMA KAYNAK
Orijinal Kataloglama Ajansı Milas
Kataloglama Dili tur
Metne Dönüştürmek Ajansı TR-AnCHP
041 ## - DİL KODU
Metin / Ses Parça Veya Ayrı Başlığın Dil Kodu tur
082 ## - DEWEY ONLU SINIFLANDIRMA NUMARASI
Sınıflandırma Numarası 331.125
Ürün Numarası İ77 1992
090 ## - SINIFLAMA NUMARASI
Sınıflama Numarası 331.125 İ77 1992
111 ## - ANA GİRİŞ - TOPLANTI ADI
Giriş Elemanı Olarak Toplantı Adı Veya Yargı Alanı Adı İstihdam seminerleri
Toplantının Yeri Ankara
Toplantı Veya Antlaşma İmzalandığı Tarihi 1992
Bölüm / Bölüm / Toplantı Sayısı 1
245 ## - BAŞLIK TABLOSU
Başlık İstihdam seminerleri 1
Sorumluluk Tablosu, Vb İş ve İşçi Bulma Kurumu
260 ## - YAYIN, DAĞITIM, VB
Yayın, Dağıtım, Vb Yeri Ankara
Yayıncı, Dağıtıcı, Vs Adı İş ve İşçi Bulma Kurumu
Yayın, Dağıtım, Vb Tarihi 1992
300 ## - FİZİKSEL TANIM
Kapsam 116 s.
Diğer Fiziksel Ayrıntıları tbl.
Boyutlar 22 sm.
490 ## - SERİSİ TABLOSU
Seri Beyanı İş ve İşçi Bulma Kurumu
Hacim / Ardışık Tanımı 272
650 ## - KONU KATMA GİRİŞ - TOPİKAL DÖNEM
Topikal Süreli Veya Coğrafi Ad Giriş Elemanı İstihdam
Genel Alt Bölümü Toplantılar
Coğrafi Alt Bölümü Türkiye
942 ## - EKLENDİ GİRİŞ ELEMANLARI (KOHA)
Sınıflandırma Veya Raf Düzeni Kaynak Dewey Decimal Classification
Koha Öğesi Türü Books
999 ## - SİSTEM KONTROL NUMARALARI (KOHA)
Koha Biblionumber 5027
Koha Biblioitemnumber 5027
Holdings
Kalıcı Konum Mevcut Konum Edinme Tarihi Edinim Kaynak Toplam Check-Out'Lar Tam Çağrı Numarası Barkod Tarih Son Görülme İtibaren Geçerli Fiyatlar Koha Öğesi Türü
CHP Kütüphanesi CHP Kütüphanesi 11/01/2016 Bağış   331.125 İ77 1992 005976 11/01/2016 11/01/2016 Books